[Event "Andorra open"]
[Site "Escaldes"]
[Date "2019.08.04"]
[Round "9.16"]
[White "Suarez Uriel, Adrian"]
[Black "Zambrana Petisme, Ramiro"]
[Result "1-0"]
[WhiteElo "2392"]
[BlackElo "2108"]
[PlyCount "89"]
[EventDate "2019.??.??"]
[EventCountry "AND"]

1. e4 c5 2. Ne2 g6 3. d4 cxd4 4. Nxd4 Bg7 5. c4 Nc6 6. Be3 Nf6 7. Nc3 d6 8. Be2
O-O 9. f3 Bd7 10. Qd2 Nxd4 11. Bxd4 a5 12. h4 h5 13. O-O-O a4 14. a3 Qc8 15.
Kb1 Be6 16. Nd5 Nxd5 17. Bxg7 Kxg7 18. cxd5 Bd7 19. g4 Rh8 20. Rc1 Qd8 21. gxh5
b5 22. hxg6 f6 23. h5 Rh6 24. f4 Rb8 25. Qd4 Qa5 26. Qc3 Qa8 27. f5 Rb7 28. Rc2
b4 29. axb4 Qb8 30. b5 Bxb5 31. Bxb5 Rxb5 32. Qc7 Rxb2+ 33. Ka1 Rb7 34. Qxb8
Rxb8 35. Rc7 Re8 36. Ka2 Rhh8 37. Ka3 Kh6 38. Rb1 Rhg8 39. Rbb7 Rg7 40. Rd7
Kxh5 41. Rxd6 Rxg6 42. Re6 Rg1 43. Rexe7 Ra1+ 44. Kb2 Rxe7 45. Rxe7 1-0

[Event "Andorra open"]
[Site "Escaldes"]
[Date "2019.08.04"]
[Round "9.17"]
[White "Partac, Elena"]
[Black "Berkovich, Mark A"]
[Result "1/2-1/2"]
[WhiteElo "2046"]
[BlackElo "2338"]
[PlyCount "40"]
[EventDate "2019.??.??"]
[EventCountry "AND"]

1. e4 c5 2. Nf3 Nc6 3. Bb5 e6 4. Nc3 Nge7 5. O-O Nd4 6. Re1 a6 7. Bf1 Nec6 8.
d3 Be7 9. g3 O-O 10. Bg2 d6 11. Ne2 Nxf3+ 12. Bxf3 Bd7 13. Bg2 Rc8 14. c3 b5
15. f4 Bf6 16. g4 g6 17. Rf1 Bg7 18. f5 b4 19. Bf4 bxc3 20. bxc3 Ne5 1/2-1/2

[Event "Andorra open"]
[Site "Escaldes"]
[Date "2019.08.04"]
[Round "9.18"]
[White "Garcia Martin, Marta"]
[Black "Sacristan Latorre, Alberto"]
[Result "1-0"]
[WhiteElo "2335"]
[BlackElo "2091"]
[PlyCount "85"]
[EventDate "2019.??.??"]
[EventCountry "AND"]

1. e4 c5 2. Nf3 d6 3. d4 cxd4 4. Nxd4 Nf6 5. Nc3 Bd7 6. Be2 e5 7. Ndb5 Bc6 8.
Bg5 a6 9. Na3 Be7 10. Bxf6 gxf6 11. Nc4 f5 12. Ne3 Bxe4 13. Nxe4 fxe4 14. Bc4
Nc6 15. c3 Qd7 16. Bd5 Bg5 17. Nc4 Rd8 18. Qh5 Qf5 19. Qe2 O-O 20. h4 Bh6 21.
Rh3 Kh8 22. g4 Qd7 23. Bxe4 d5 24. Rd1 Qe6 25. Bf5 Qf6 26. Nb6 Ne7 27. Nd7 Qd6
28. Nxf8 Nxf5 29. gxf5 Rxf8 30. Rg3 Bf4 31. Rg1 d4 32. Kf1 Rd8 33. Qg4 Bh6 34.
Rg3 Qd5 35. cxd4 exd4 36. b3 Qh1+ 37. Rg1 Qd5 38. Rd3 b5 39. Rdg3 Qa8 40. Qh5
Qc6 41. Qxf7 Qc1+ 42. Kg2 Qc6+ 43. Kh3 1-0

[Event "Andorra open"]
[Site "Escaldes"]
[Date "2019.08.04"]
[Round "9.19"]
[White "Garcia Gracia, Victor Hugo"]
[Black "Gomez Anadon, Daniel"]
[Result "1-0"]
[WhiteElo "2032"]
[BlackElo "2305"]
[PlyCount "67"]
[EventDate "2019.??.??"]
[EventCountry "AND"]

1. e4 c5 2. Nf3 d6 3. d4 cxd4 4. Nxd4 Nf6 5. Nc3 a6 6. Bg5 Nbd7 7. f4 Qc7 8.
Qf3 h6 9. Bxf6 Nxf6 10. Nd5 Nxd5 11. exd5 g6 12. O-O-O Bg7 13. g4 Bd7 14. Kb1
Qc5 15. Qe4 Bxd4 16. Rxd4 Bxg4 17. Rc4 Qa5 18. Bd3 Rc8 19. Rxc8+ Bxc8 20. Re1
Qc7 21. Re3 h5 22. Qd4 Rg8 23. h4 Bg4 24. Bf1 Kf8 25. a3 f6 26. Bh3 Kf7 27. Qe4
Qd7 28. Bxg4 hxg4 29. h5 f5 30. Qh1 Qb5 31. hxg6+ Rxg6 32. Qh7+ Rg7 33. Qxf5+
Ke8 34. Rc3 1-0

[Event "Andorra open"]
[Site "Escaldes"]
[Date "2019.08.04"]
[Round "9.20"]
[White "Gomez Salinas, Nestor"]
[Black "Van Der Lende, Ilias"]
[Result "0-1"]
[WhiteElo "2010"]
[BlackElo "2350"]
[PlyCount "52"]
[EventDate "2019.??.??"]
[EventCountry "AND"]

1. e4 e6 2. d4 d5 3. Nc3 Bb4 4. Nge2 dxe4 5. a3 Be7 6. g4 Nd7 7. Nxe4 Ngf6 8.
N2c3 e5 9. Be3 Nxe4 10. Nxe4 Nf6 11. Nxf6+ Bxf6 12. d5 O-O 13. Rg1 Bg5 14. Qd2
Bxe3 15. fxe3 e4 16. O-O-O Qg5 17. Qd4 Bd7 18. Bc4 g6 19. Rdf1 Rae8 20. Rf4 Qe5
21. Qxe5 Rxe5 22. Rgf1 g5 23. Rf6 Bxg4 24. d6 cxd6 25. Rxf7 Rxf7 26. Rxf7 d5
0-1

[Event "Andorra open"]
[Site "Escaldes"]
[Date "2019.08.04"]
[Round "9.21"]
[White "Garcia Paolicchi, Raul"]
[Black "Vega Gutierrez, Sabrina"]
[Result "0-1"]
[WhiteElo "2123"]
[BlackElo "2385"]
[PlyCount "124"]
[EventDate "2019.??.??"]
[EventCountry "AND"]

1. d4 d5 2. c4 e6 3. Nf3 c6 4. Qc2 Nf6 5. Nbd2 Be7 6. g3 O-O 7. Bg2 b6 8. O-O
Bb7 9. e4 Na6 10. a3 c5 11. exd5 exd5 12. dxc5 Nxc5 13. b4 Nce4 14. Nxe4 Nxe4
15. cxd5 Bxd5 16. Bb2 Rc8 17. Qd3 Ba8 18. Qxd8 Rfxd8 19. Rac1 Nd6 20. Nd2 Bxg2
21. Kxg2 Bg5 22. f4 Be7 23. Rxc8 Rxc8 24. Rc1 Rxc1 25. Bxc1 Kf8 26. Bb2 g6 27.
Kf3 Ke8 28. Ke3 Kd7 29. Kd3 Ke6 30. Ke2 h5 31. Bd4 h4 32. Bb2 Kd5 33. Kd3 g5
34. fxg5 hxg3 35. hxg3 Bxg5 36. Nf3 Bh6 37. a4 Ne4 38. Be5 Bf8 39. Bb8 Bxb4 40.
Bxa7 Nc5+ 41. Kc2 Nd7 42. Kb3 Ba5 43. Kc2 Kc6 44. Ng5 f6 45. Nh7 f5 46. Kd3 Kb7
47. Bxb6 Bxb6 48. Ke2 Ne5 49. Nf6 Kc6 50. Nh5 Kd5 51. Ng7 Ke4 52. Nxf5 Kxf5 53.
Kd2 Ke4 54. Kc3 Ba5+ 55. Kb3 Kd3 56. Kb2 Nc4+ 57. Kb3 Nd2+ 58. Kb2 Bc3+ 59. Kc1
Nc4 60. g4 Bd2+ 61. Kb1 Kc3 62. Ka2 Kc2 0-1

[Event "Andorra open"]
[Site "Escaldes"]
[Date "2019.08.04"]
[Round "9.22"]
[White "Serra Pages, Jordi"]
[Black "Hapala, Elisabeth"]
[Result "1-0"]
[WhiteElo "2228"]
[BlackElo "2131"]
[PlyCount "111"]
[EventDate "2019.??.??"]
[EventCountry "AND"]

1. d4 Nf6 2. c4 e6 3. g3 Bb4+ 4. Bd2 a5 5. Bg2 O-O 6. e4 d6 7. Nc3 e5 8. d5 Na6
9. a3 Bc5 10. h3 c6 11. Nge2 cxd5 12. cxd5 b5 13. O-O Bd7 14. Na2 a4 15. Nb4
Nxb4 16. axb4 Bb6 17. Qb1 Ne8 18. Ra3 f5 19. Be3 fxe4 20. Qxe4 Bf5 21. Bxb6
Qxb6 22. Qe3 Qb7 23. f4 exf4 24. Rxf4 Nc7 25. Nd4 Rac8 26. Qc1 Bd7 27. Rxf8+
Rxf8 28. Rc3 Qb6 29. Qe3 Re8 30. Ne6 Qxe3+ 31. Rxe3 Nxe6 32. dxe6 Bxe6 33. Bc6
Rc8 34. Bxb5 Bb3 35. Re8+ Rxe8 36. Bxe8 Kf8 37. Bc6 Ke7 38. b5 d5 39. b6 Kd6
40. b7 Kc7 41. Kf2 d4 42. Kf3 Bc2 43. Be4 Bb3 44. Kf4 h6 45. h4 Bg8 46. Ke5 d3
47. Bxd3 Kxb7 48. Bc2 Bb3 49. Bxb3 axb3 50. Kd5 g5 51. Kc4 Kc6 52. Kxb3 Kd5 53.
Kc3 gxh4 54. gxh4 h5 55. Kd3 Kc5 56. Ke4 1-0

[Event "Andorra open"]
[Site "Escaldes"]
[Date "2019.08.04"]
[Round "9.23"]
[White "Vega Gutierrez, Belinda"]
[Black "Gil Quilez, David"]
[Result "1/2-1/2"]
[WhiteElo "2133"]
[BlackElo "2206"]
[PlyCount "55"]
[EventDate "2019.??.??"]
[EventCountry "AND"]

1. e4 e5 2. Nf3 Nc6 3. Bb5 a6 4. Ba4 Nf6 5. O-O Be7 6. Re1 b5 7. Bb3 d6 8. c3
O-O 9. h3 Na5 10. Bc2 c5 11. d4 Qc7 12. Nbd2 cxd4 13. cxd4 Bd7 14. Nf1 Rac8 15.
Ne3 Nc6 16. a3 Nxd4 17. Nxd4 exd4 18. Qxd4 Qc5 19. Qd1 Qc6 20. Bd2 Rfe8 21. Bc3
Be6 22. Qd4 Qc5 23. Rad1 Red8 24. Nf5 Bxf5 25. exf5 Qxd4 26. Rxd4 Kf8 27. Bb3
Ne8 28. Rd2 1/2-1/2

[Event "Andorra open"]
[Site "Escaldes"]
[Date "2019.08.04"]
[Round "9.25"]
[White "Orteu Capdevila, Max"]
[Black "Attard, Leopold"]
[Result "1/2-1/2"]
[WhiteElo "2173"]
[BlackElo "2008"]
[PlyCount "71"]
[EventDate "2019.??.??"]
[EventCountry "AND"]

1. c4 e5 2. g3 Nf6 3. Bg2 h6 4. Nc3 Bb4 5. Nf3 Nc6 6. O-O e4 7. Ne1 Bxc3 8.
bxc3 O-O 9. f3 Qe7 10. fxe4 Nxe4 11. Qc2 Re8 12. d3 Qc5+ 13. e3 Nf6 14. Rb1 a6
15. Nf3 d5 16. Nd4 dxc4 17. Nxc6 bxc6 18. d4 Qd6 19. e4 Qe7 20. Re1 Bf5 21. Qa4
Nxe4 22. Qxc6 Qd6 23. Qxc4 Nxg3 24. Ba3 Qg6 25. Rbc1 Bd3 26. Qc6 Ne2+ 27. Rxe2
Bxe2 28. Qxg6 fxg6 29. Bd5+ Kh7 30. Bxa8 Rxa8 31. Re1 Bc4 32. Re7 Rc8 33. Bc1
c6 34. a4 Rf8 35. Ba3 Rf7 36. Rxf7 1/2-1/2